[Event "8th Vellmar Chess Days"]
[Site "chess24.com"]
[Date "2016.07.31"]
[Round "6"]
[White "Beyer, Nils"]
[Black "Hofschlag, Dirk"]
[Result "1-0"]
[Board "54"]
[WhiteElo "1875"]
[WhiteTeam "SVG Caissa Kassel"]
[WhiteCountry "GER"]
[WhiteFideId "12995355"]
[WhiteEloChange "6"]
[BlackElo "1736"]
[BlackTeam "SK Bad Lippspringe"]
[BlackCountry "GER"]
[BlackFideId "12974609"]
[BlackEloChange "-6"]

1. d4 {[%clk 1:30:30]} g6 {[%clk 1:30:30]} 2. c4 {[%clk 1:30:30]} Bg7 {[%clk
1:30:30]} 3. g3 {[%clk 1:30:30]} d6 {[%clk 1:30:30]} 4. Bg2 {[%clk 1:30:30]} Nc6
{[%clk 1:30:30]} 5. Nf3 {[%clk 1:30:30]} Qd7 {[%clk 1:30:30]} 6. Nc3 {[%clk
1:30:30]} f6 {[%clk 1:30:30]} 7. O-O {[%clk 1:30:30]} Nh6 {[%clk 1:30:30]} 8. a3
{[%clk 1:30:30]} O-O {[%clk 1:30:30]} 9. b4 {[%clk 1:30:30]} a6 {[%clk 1:30:30]}
10. Qb3 {[%clk 1:30:30]} Nd8 {[%clk 1:30:30]} 11. Rd1 {[%clk 1:30:30]} e6 {[%clk
1:30:30]} 12. Bb2 {[%clk 1:30:30]} Nhf7 {[%clk 1:30:30]} 13. e4 {[%clk 1:30:30]}
c6 {[%clk 1:30:30]} 14. Rab1 {[%clk 1:30:30]} Qe7 {[%clk 1:30:30]} 15. c5 {[%clk
1:30:30]} d5 {[%clk 1:30:30]} 16. exd5 {[%clk 1:30:30]} cxd5 {[%clk 1:30:30]} 17.
Re1 {[%clk 1:30:30]} Qc7 {[%clk 1:30:30]} 18. Bc1 {[%clk 1:30:30]} b5 {[%clk
1:30:30]} 19. Bf4 {[%clk 1:30:30]} Qb7 {[%clk 1:30:30]} 20. a4 {[%clk 1:30:30]}
Bd7 {[%clk 1:30:30]} 21. Bf1 {[%clk 1:30:30]} g5 {[%clk 1:30:30]} 22. Be3 {[%clk
1:30:30]} bxa4 {[%clk 1:30:30]} 23. Nxa4 {[%clk 1:30:30]} Bb5 {[%clk 1:30:30]}
24. Bg2 {[%clk 1:30:30]} Nc6 {[%clk 1:30:30]} 25. Nc3 {[%clk 1:30:30]} Bd3 {[%clk
1:30:30]} 26. Rb2 {[%clk 1:30:30]} Bc4 {[%clk 1:30:30]} 27. Qa4 {[%clk 1:30:30]}
Rfb8 {[%clk 1:30:30]} 28. Nd2 {[%clk 1:30:30]} Bd3 {[%clk 1:30:30]} 29. Nxd5
{[%clk 1:30:30]} exd5 {[%clk 1:30:30]} 30. Bxd5 {[%clk 1:30:30]} Bb5 {[%clk
1:30:30]} 31. Qb3 {[%clk 1:30:30]} Re8 {[%clk 1:30:30]} 32. Ne4 {[%clk 1:30:30]}
Kf8 {[%clk 1:30:30]} 33. Bxf7 {[%clk 1:30:30]} Rxe4 {[%clk 1:30:30]} 34. Bd5
{[%clk 1:30:30]} Ree8 {[%clk 1:30:30]} 35. Rd1 {[%clk 1:30:30]} Qd7 {[%clk
1:30:30]} 36. Bg2 {[%clk 1:30:30]} Rad8 {[%clk 1:30:30]} 37. Rbd2 {[%clk
1:30:30]} Qg4 {[%clk 1:30:30]} 38. h3 {[%clk 1:30:30]} Qf5 {[%clk 1:30:30]} 39.
g4 {[%clk 1:30:30]} Qg6 {[%clk 1:30:30]} 40. d5 {[%clk 1:30:30]} Ne5 {[%clk
1:30:30]} 41. c6 {[%clk 1:30:30]} Qf7 {[%clk 1:30:30]} 42. Qc2 {[%clk 1:30:30]}
Nc4 {[%clk 1:30:30]} 43. Bc5+ {[%clk 1:30:30]} Kg8 {[%clk 1:30:30]} 44. d6 {[%clk
1:30:30]} Nxd2 {[%clk 1:30:30]} 45. Qxd2 {[%clk 1:30:30]} Re5 {[%clk 1:30:30]}
46. d7 {[%clk 1:30:30]} Bxc6 {[%clk 1:30:30]} 47. Bxc6 {[%clk 1:30:30]} Bf8
{[%clk 1:30:30]} 48. Bb6 {[%clk 1:30:30]} Qe7 {[%clk 1:30:30]} 49. Qd3 {[%clk
1:30:30]} Re1+ {[%clk 1:30:30]} 50. Rxe1 {[%clk 1:30:30]} Qxe1+ {[%clk 1:30:30]}
51. Kg2 {[%clk 1:30:30]} Qc1 {[%clk 1:30:30]} 52. Qd5+ {[%clk 1:30:30]} Kg7
{[%clk 1:30:30]} 53. Bxd8 {[%clk 1:30:30]} Bxb4 {[%clk 1:30:30]} 54. Bxf6+ {[%clk
1:30:30]} Kh6 {[%clk 1:30:30]} 55. Qxg5+ {[%clk 1:30:30]} 1-0

[Event "8th Vellmar Chess Days"]
[Site "chess24.com"]
[Date "2016.07.31"]
[Round "7"]
[White "Meijers, Viesturs"]
[Black "Humburg, Philipp"]
[Result "1-0"]
[Board "1"]
[WhiteElo "2446"]
[WhiteTitle "GM"]
[WhiteCountry "LAT"]
[WhiteFideId "11600314"]
[WhiteEloChange "2"]
[BlackElo "2201"]
[BlackCountry "GER"]
[BlackFideId "24656151"]
[BlackEloChange "-4"]

1. d4 {[%clk 1:30:55]} Nf6 {[%clk 1:30:54]} 2. Nf3 {[%clk 1:30:51]} g6 {[%clk
1:31:06]} 3. g3 {[%clk 1:31:12]} Bg7 {[%clk 1:31:31]} 4. Bg2 {[%clk 1:31:39]} O-O
{[%clk 1:31:57]} 5. O-O {[%clk 1:32:02]} d6 {[%clk 1:32:23]} 6. b3 {[%clk
1:32:04]} c5 {[%clk 1:32:01]} 7. Bb2 {[%clk 1:31:51]} Nc6 {[%clk 1:30:07]} 8. c4
{[%clk 1:31:24]} Rb8 {[%clk 1:29:23]} 9. Nc3 {[%clk 1:22:49]} a6 {[%clk 1:28:10]}
10. dxc5 {[%clk 1:14:43]} dxc5 {[%clk 1:28:29]} 11. Qxd8 {[%clk 1:15:03]} Rxd8
{[%clk 1:28:17]} 12. Na4 {[%clk 1:15:26]} Nd7 {[%clk 1:27:49]} 13. Bxg7 {[%clk
1:15:45]} Kxg7 {[%clk 1:28:18]} 14. Rac1 {[%clk 1:12:26]} b6 {[%clk 1:25:10]} 15.
Rfd1 {[%clk 1:12:05]} Bb7 {[%clk 1:24:26]} 16. Rd2 {[%clk 1:10:50]} h6 {[%clk
1:16:09]} 17. Rcd1 {[%clk 1:10:23]} Bc8 {[%clk 1:16:15]} 18. Ne1 {[%clk 1:07:07]}
Na5 {[%clk 1:14:16]} 19. Nc2 {[%clk 1:03:13]} Kf8 {[%clk 1:13:35]} 20. Ne3 {[%clk
1:02:43]} h5 {[%clk 1:12:08]} 21. Rd3 {[%clk 0:55:57]} e6 {[%clk 1:06:22]} 22. a3
{[%clk 0:54:51]} Ke7 {[%clk 1:06:17]} 23. b4 {[%clk 0:55:06]} cxb4 {[%clk
1:03:59]} 24. axb4 {[%clk 0:55:11]} Nb7 {[%clk 1:02:29]} 25. c5 {[%clk 0:50:48]}
bxc5 {[%clk 1:01:59]} 26. bxc5 {[%clk 0:50:44]} Ne5 {[%clk 1:00:46]} 27. Rb3
{[%clk 0:39:14]} Rxd1+ {[%clk 0:57:23]} 28. Nxd1 {[%clk 0:39:05]} Bd7 {[%clk
0:57:23]} 29. Ndc3 {[%clk 0:37:33]} Bb5 {[%clk 0:57:23]} 30. Nxb5 {[%clk
0:28:40]} Na5 {[%clk 0:46:53]} 31. c6 {[%clk 0:27:27]} Nxb3 {[%clk 0:39:56]} 32.
c7 {[%clk 0:27:47]} Rc8 {[%clk 0:40:22]} 33. Bb7 {[%clk 0:26:52]} axb5 {[%clk
0:35:08]} 34. Bxc8 {[%clk 0:27:10]} Kd6 {[%clk 0:35:32]} 35. Bxe6 {[%clk
0:27:30]} Kxc7 {[%clk 0:35:58]} 36. Bxb3 {[%clk 0:27:54]} bxa4 {[%clk 0:36:26]}
37. Bxa4 {[%clk 0:28:19]} Kd6 {[%clk 0:35:57]} 38. f4 {[%clk 0:28:00]} Ng4 {[%clk
0:35:35]} 39. e4 {[%clk 0:27:59]} Ke7 {[%clk 0:32:52]} 40. Bd1 {[%clk 0:26:58]}
Ne3 {[%clk 0:30:08]} 41. Be2 {[%clk 0:26:51]} Nc2 {[%clk 0:30:19]} 42. Kf2 {[%clk
0:27:11]} Kf8 {[%clk 0:30:18]} 43. Bd3 {[%clk 0:27:34]} Nd4 {[%clk 0:30:08]} 44.
Ke3 {[%clk 0:27:57]} Nc6 {[%clk 0:30:16]} 45. Bb5 {[%clk 0:26:53]} Ne7 {[%clk
0:30:39]} 46. Kd4 {[%clk 0:27:05]} Kg7 {[%clk 0:30:39]} 47. Bd7 {[%clk 0:25:27]}
Ng8 {[%clk 0:30:30]} 48. Ke5 {[%clk 0:22:16]} Kf8 {[%clk 0:29:25]} 49. Kd6 {[%clk
0:15:31]} Nf6 {[%clk 0:29:38]} 50. e5 {[%clk 0:15:21]} Ne4+ {[%clk 0:29:46]} 51.
Kd5 {[%clk 0:15:43]} Nd2 {[%clk 0:28:55]} 52. Bb5 {[%clk 0:15:46]} Nf3 {[%clk
0:27:43]} 53. h4 {[%clk 0:10:21]} Ke7 {[%clk 0:26:45]} 54. Be2 {[%clk 0:06:09]}
Nd2 {[%clk 0:26:48]} 55. Bd3 {[%clk 0:06:30]} Nb3 {[%clk 0:26:13]} 56. Kc4 {[%clk
0:05:24]} Na5+ {[%clk 0:25:34]} 57. Kb5 {[%clk 0:05:34]} Nb3 {[%clk 0:25:25]} 58.
Kb4 {[%clk 0:04:38]} Nd4 {[%clk 0:25:44]} 59. Kc4 {[%clk 0:04:59]} Ne6 {[%clk
0:25:56]} 60. Kd5 {[%clk 0:05:02]} Ng7 {[%clk 0:25:49]} 61. Be4 {[%clk 0:05:19]}
Ne6 {[%clk 0:25:04]} 62. f5 {[%clk 0:28:50]} Nc7+ {[%clk 0:53:39]} 63. Kc6 {[%clk
0:28:42]} gxf5 {[%clk 0:54:03]} 64. Bxf5 {[%clk 0:29:06]} Ne6 {[%clk 0:53:00]}
65. Kd5 {[%clk 0:29:31]} Nc7+ {[%clk 0:52:29]} 66. Ke4 {[%clk 0:29:48]} Ne8
{[%clk 0:51:16]} 67. Kf4 {[%clk 0:30:13]} f6 {[%clk 0:51:00]} 68. Bd3 {[%clk
0:27:19]} fxe5+ {[%clk 0:47:40]} 69. Kxe5 {[%clk 0:27:27]} Kf7 {[%clk 0:46:53]}
70. Kf5 {[%clk 0:27:47]} Kg7 {[%clk 0:46:31]} 71. Kg5 {[%clk 0:28:04]} Nf6 {[%clk
0:46:59]} 72. Bg6 {[%clk 0:27:41]} Nd5 {[%clk 0:45:07]} 73. Bxh5 {[%clk 0:26:24]}
Nf6 {[%clk 0:42:15]} 74. Bg6 {[%clk 0:26:09]} Ng8 {[%clk 0:42:34]} 75. Bd3 {[%clk
0:25:09]} Nf6 {[%clk 0:42:35]} 76. h5 {[%clk 0:24:44]} Ng8 {[%clk 0:43:01]} 77.
Be4 {[%clk 0:24:44]} Nh6 {[%clk 0:43:10]} 78. Bd5 {[%clk 0:25:07]} Kh7 {[%clk
0:43:33]} 79. Ba2 {[%clk 0:25:27]} Kg7 {[%clk 0:43:56]} 80. Be6 {[%clk 0:25:53]}
Kh7 {[%clk 0:44:19]} 81. Kf6 {[%clk 0:26:02]} Kh8 {[%clk 0:43:07]} 82. Kg6 {[%clk
0:25:58]} Nf7 {[%clk 0:43:16]} 83. Kxf7 {[%clk 0:26:19]} 1-0

[Event "8th Vellmar Chess Days"]
[Site "chess24.com"]
[Date "2016.07.31"]
[Round "7"]
[White "Eggenstein, Frank"]
[Black "Barath M"]
[Result "0-1"]
[Board "2"]
[WhiteElo "2032"]
[WhiteCountry "GER"]
[WhiteFideId "4651278"]
[WhiteEloChange "-9"]
[BlackElo "2082"]
[BlackCountry "IND"]
[BlackFideId "25033450"]
[BlackEloChange "9"]

1. e4 {[%clk 1:30:58]} c5 {[%clk 1:30:54]} 2. Nf3 {[%clk 1:31:13]} d6 {[%clk
1:30:54]} 3. Bb5+ {[%clk 1:31:28]} Nd7 {[%clk 1:31:19]} 4. d4 {[%clk 1:30:22]}
cxd4 {[%clk 1:31:34]} 5. Qxd4 {[%clk 1:28:48]} a6 {[%clk 1:31:34]} 6. Bc4 {[%clk
1:22:39]} Ngf6 {[%clk 1:27:37]} 7. Nc3 {[%clk 1:22:39]} e6 {[%clk 1:21:21]} 8. a4
{[%clk 1:18:29]} Qc7 {[%clk 1:19:33]} 9. O-O {[%clk 1:16:30]} Be7 {[%clk
1:19:33]} 10. Bg5 {[%clk 1:09:15]} O-O {[%clk 1:19:08]} 11. Rad1 {[%clk 1:09:15]}
b6 {[%clk 1:19:08]} 12. Ba2 {[%clk 1:00:04]} Bb7 {[%clk 1:01:06]} 13. Bh4 {[%clk
1:00:04]} Rfd8 {[%clk 0:37:39]} 14. Qe3 {[%clk 0:51:29]} Ne5 {[%clk 0:31:13]} 15.
Nd2 {[%clk 0:45:03]} Rac8 {[%clk 0:19:33]} 16. h3 {[%clk 0:40:54]} h6 {[%clk
0:18:27]} 17. f4 {[%clk 0:33:22]} d5 {[%clk 0:18:27]} 18. Qe2 {[%clk 0:27:56]}
Ng6 {[%clk 0:17:28]} 19. Bxf6 {[%clk 0:25:02]} Bxf6 {[%clk 0:17:38]} 20. e5
{[%clk 0:25:05]} Be7 {[%clk 0:17:43]} 21. Bb3 {[%clk 0:23:58]} Nh4 {[%clk
0:17:43]} 22. g4 {[%clk 0:07:20]} Bb4 {[%clk 0:13:04]} 23. Na2 {[%clk 0:07:20]}
Bxd2 {[%clk 0:07:38]} 24. Rxd2 {[%clk 0:04:16]} d4 {[%clk 0:07:58]} 25. Kh2
{[%clk 0:04:16]} Qc6 {[%clk 0:04:36]} 26. Rd3 {[%clk 0:03:52]} a5 {[%clk
0:04:04]} 27. Rg3 {[%clk 0:03:24]} Qe4 {[%clk 0:02:34]} 28. Qd2 {[%clk 0:02:43]}
Ba6 {[%clk 0:01:43]} 29. Rf2 {[%clk 0:03:12]} Bb7 {[%clk 0:02:06]} 30. Rf1 {[%clk
0:03:38]} Rc7 {[%clk 0:01:57]} 31. Nc1 {[%clk 0:04:06]} Rdc8 {[%clk 0:00:57]} 32.
Nd3 {[%clk 0:04:33]} Bd5 {[%clk 0:00:51]} 33. Qe1 {[%clk 0:01:33]} Rxc2+ {[%clk
0:00:36]} 34. Bxc2 {[%clk 0:01:57]} Rxc2+ {[%clk 0:01:01]} 35. Nf2 {[%clk
0:01:39]} Nf3+ {[%clk 0:00:44]} 36. Rxf3 {[%clk 0:01:54]} Qxf3 {[%clk 0:01:06]}
0-1

[Event "8th Vellmar Chess Days"]
[Site "chess24.com"]
[Date "2016.07.31"]
[Round "7"]
[White "Boos, Markus"]
[Black "Rafiee, Makan"]
[Result "1-0"]
[Board "3"]
[WhiteElo "2176"]
[WhiteCountry "GER"]
[WhiteFideId "4678656"]
[WhiteEloChange "14"]
[BlackElo "2318"]
[BlackTitle "FM"]
[BlackCountry "GER"]
[BlackFideId "24609340"]
[BlackEloChange "-14"]

1. d4 {[%clk 1:30:57]} Nf6 {[%clk 1:30:54]} 2. c4 {[%clk 1:31:23]} c5 {[%clk
1:31:16]} 3. d5 {[%clk 1:31:33]} e6 {[%clk 1:31:40]} 4. Nc3 {[%clk 1:31:53]} exd5
{[%clk 1:32:05]} 5. cxd5 {[%clk 1:32:13]} d6 {[%clk 1:32:29]} 6. e4 {[%clk
1:31:47]} g6 {[%clk 1:32:53]} 7. Bd3 {[%clk 1:31:49]} Bg7 {[%clk 1:33:10]} 8. h3
{[%clk 1:32:07]} O-O {[%clk 1:31:31]} 9. Nf3 {[%clk 1:32:28]} Na6 {[%clk
1:26:05]} 10. O-O {[%clk 1:31:36]} Nc7 {[%clk 1:26:05]} 11. Re1 {[%clk 1:30:01]}
Rb8 {[%clk 1:25:55]} 12. a4 {[%clk 1:24:48]} Na6 {[%clk 1:24:43]} 13. Bf4 {[%clk
1:22:31]} Ne8 {[%clk 1:22:21]} 14. Qd2 {[%clk 1:17:44]} Nb4 {[%clk 1:21:55]} 15.
Bf1 {[%clk 1:12:33]} a6 {[%clk 1:19:45]} 16. Rac1 {[%clk 1:06:41]} b6 {[%clk
1:10:59]} 17. e5 {[%clk 0:58:55]} Bb7 {[%clk 1:02:58]} 18. e6 {[%clk 0:53:44]}
fxe6 {[%clk 1:03:16]} 19. dxe6 {[%clk 0:53:36]} Qe7 {[%clk 1:03:31]} 20. Rcd1
{[%clk 0:40:28]} Rd8 {[%clk 1:03:53]} 21. Ng5 {[%clk 0:40:36]} d5 {[%clk
0:56:50]} 22. Nf7 {[%clk 0:40:49]} Rxf7 {[%clk 0:57:13]} 23. exf7+ {[%clk
0:40:58]} Qxf7 {[%clk 0:57:37]} 24. Ne4 {[%clk 0:37:08]} Bc8 {[%clk 0:28:11]} 25.
a5 {[%clk 0:30:53]} Bd4 {[%clk 0:25:28]} 26. Ng5 {[%clk 0:26:16]} Qf6 {[%clk
0:25:47]} 27. Nf3 {[%clk 0:25:45]} Nc6 {[%clk 0:19:39]} 28. Bg5 {[%clk 0:24:14]}
Qd6 {[%clk 0:20:04]} 29. Bxd8 {[%clk 0:24:17]} Qxd8 {[%clk 0:20:29]} 30. Nxd4
{[%clk 0:24:25]} Nxd4 {[%clk 0:20:51]} 31. Qe3 {[%clk 0:23:21]} Ne6 {[%clk
0:17:05]} 32. Bxa6 {[%clk 0:20:29]} 1-0

[Event "8th Vellmar Chess Days"]
[Site "chess24.com"]
[Date "2016.07.31"]
[Round "7"]
[White "Jensen, Jacob Bjerre"]
[Black "Krueger, Stefan"]
[Result "1/2-1/2"]
[Board "4"]
[WhiteElo "2172"]
[WhiteCountry "DEN"]
[WhiteFideId "1401513"]
[WhiteEloChange "-6"]
[BlackElo "1936"]
[BlackCountry "GER"]
[BlackFideId "12990418"]
[BlackEloChange "6"]

1. d4 {[%clk 1:30:58]} d5 {[%clk 1:30:28]} 2. c4 {[%clk 1:31:23]} e6 {[%clk
1:30:47]} 3. Nc3 {[%clk 1:31:48]} c6 {[%clk 1:31:07]} 4. Nf3 {[%clk 1:31:29]} Nf6
{[%clk 1:31:26]} 5. e3 {[%clk 1:31:53]} Nbd7 {[%clk 1:31:44]} 6. Bd3 {[%clk
1:32:16]} dxc4 {[%clk 1:32:03]} 7. Bxc4 {[%clk 1:32:41]} b5 {[%clk 1:32:25]} 8.
Bd3 {[%clk 1:33:05]} a6 {[%clk 1:31:25]} 9. e4 {[%clk 1:33:16]} c5 {[%clk
1:31:47]} 10. e5 {[%clk 1:33:34]} cxd4 {[%clk 1:31:30]} 11. Nxb5 {[%clk 1:33:55]}
axb5 {[%clk 1:30:49]} 12. exf6 {[%clk 1:34:19]} gxf6 {[%clk 1:30:53]} 13. O-O
{[%clk 1:34:09]} Qb6 {[%clk 1:29:43]} 14. Qe2 {[%clk 1:32:48]} Bb7 {[%clk
1:28:50]} 15. Bxb5 {[%clk 1:32:12]} Rg8 {[%clk 1:28:52]} 16. Bf4 {[%clk 1:31:06]}
Bd6 {[%clk 1:27:20]} 17. Bg3 {[%clk 1:28:43]} Ra5 {[%clk 0:54:37]} 18. Nxd4
{[%clk 1:11:40]} Be5 {[%clk 0:37:55]} 19. Rfd1 {[%clk 0:38:38]} Bxd4 {[%clk
0:18:45]} 20. Bxd7+ {[%clk 0:39:00]} Ke7 {[%clk 0:19:04]} 21. Bb5 {[%clk
0:21:52]} Bxf2+ {[%clk 0:14:50]} 22. Qxf2 {[%clk 0:22:12]} Qxf2+ {[%clk 0:14:59]}
23. Kxf2 {[%clk 0:22:34]} Rxb5 {[%clk 0:15:18]} 24. b4 {[%clk 0:19:38]} Bd5
{[%clk 0:14:13]} 25. Rdb1 {[%clk 0:19:35]} Rg4 {[%clk 0:13:20]} 26. a3 {[%clk
0:18:48]} f5 {[%clk 0:13:30]} 27. h3 {[%clk 0:18:19]} Rc4 {[%clk 0:12:37]} 28.
Rc1 {[%clk 0:18:02]} f4 {[%clk 0:11:50]} 29. Bh4+ {[%clk 0:18:16]} Kd6 {[%clk
0:10:52]} 30. Rxc4 {[%clk 0:13:47]} Bxc4 {[%clk 0:11:04]} 31. g3 {[%clk 0:14:01]}
fxg3+ {[%clk 0:09:43]} 32. Bxg3+ {[%clk 0:14:26]} e5 {[%clk 0:09:06]} 33. Rc1
{[%clk 0:13:26]} Be6 {[%clk 0:08:32]} 34. Kg2 {[%clk 0:11:34]} f5 {[%clk
0:08:16]} 35. Bf2 {[%clk 0:11:53]} Bd5+ {[%clk 0:07:56]} 36. Kf1 {[%clk 0:12:03]}
Bb3 {[%clk 0:06:37]} 1/2-1/2

[Event "8th Vellmar Chess Days"]
[Site "chess24.com"]
[Date "2016.07.31"]
[Round "7"]
[White "Langedijk, Ardjan"]
[Black "Viebahn, Dirk"]
[Result "1/2-1/2"]
[Board "5"]
[WhiteElo "2101"]
[WhiteCountry "NED"]
[WhiteFideId "1004212"]
[WhiteEloChange "2"]
[BlackElo "2155"]
[BlackCountry "GER"]
[BlackFideId "4660790"]
[BlackEloChange "-2"]

1. Nf3 {[%clk 1:30:33]} Nf6 {[%clk 1:29:35]} 2. c4 {[%clk 1:29:52]} g6 {[%clk
1:29:20]} 3. Nc3 {[%clk 1:29:00]} Bg7 {[%clk 1:25:47]} 4. g3 {[%clk 1:29:01]} d5
{[%clk 1:23:40]} 5. cxd5 {[%clk 1:29:00]} Nxd5 {[%clk 1:23:55]} 6. Bg2 {[%clk
1:25:20]} Nb6 {[%clk 1:20:50]} 7. d4 {[%clk 1:23:29]} O-O {[%clk 1:14:27]} 8. O-O
{[%clk 1:22:19]} Nc6 {[%clk 1:10:53]} 9. d5 {[%clk 1:20:41]} Na5 {[%clk 1:07:03]}
10. e4 {[%clk 1:16:21]} Nac4 {[%clk 1:03:56]} 11. Qc2 {[%clk 1:11:14]} e5 {[%clk
0:50:42]} 12. dxe6 {[%clk 1:02:47]} Bxe6 {[%clk 0:50:30]} 13. Bf4 {[%clk
0:55:41]} Nxb2 {[%clk 0:45:28]} 14. Rab1 {[%clk 0:45:30]} N2c4 {[%clk 0:44:55]}
15. Rfd1 {[%clk 0:45:18]} Qe7 {[%clk 0:40:09]} 16. Qc1 {[%clk 0:34:51]} c6 {[%clk
0:34:11]} 17. Ng5 {[%clk 0:31:07]} Rfd8 {[%clk 0:33:31]} 18. Nxe6 {[%clk
0:30:05]} Qxe6 {[%clk 0:33:30]} 19. Bh6 {[%clk 0:18:32]} Rxd1+ {[%clk 0:32:57]}
20. Nxd1 {[%clk 0:18:53]} Rd8 {[%clk 0:30:57]} 21. Bxg7 {[%clk 0:18:46]} Kxg7
{[%clk 0:31:19]} 22. a4 {[%clk 0:16:55]} Qe5 {[%clk 0:26:10]} 23. Ne3 {[%clk
0:15:35]} Nxe3 {[%clk 0:24:24]} 24. Qxe3 {[%clk 0:14:59]} Qd4 {[%clk 0:20:22]}
25. Qg5 {[%clk 0:13:40]} Nxa4 {[%clk 0:12:06]} 26. h4 {[%clk 0:11:26]} Nc5 {[%clk
0:11:04]} 27. e5 {[%clk 0:11:19]} Re8 {[%clk 0:10:12]} 28. Re1 {[%clk 0:07:08]}
Nd3 {[%clk 0:08:23]} 29. Qf6+ {[%clk 0:07:07]} Kg8 {[%clk 0:08:41]} 30. Re4
{[%clk 0:07:00]} Qd8 {[%clk 0:07:43]} 31. Qf3 {[%clk 0:06:37]} Rxe5 {[%clk
0:06:03]} 32. Ra4 {[%clk 0:06:39]} Re1+ {[%clk 0:05:08]} 33. Kh2 {[%clk 0:06:52]}
Ne5 {[%clk 0:04:46]} 34. Qc3 {[%clk 0:06:52]} Qd1 {[%clk 0:04:37]} 35. Rd4 {[%clk
0:05:53]} Qa1 {[%clk 0:04:54]} 36. Rd8+ {[%clk 0:05:12]} Kg7 {[%clk 0:05:08]} 37.
Qb4 {[%clk 0:05:32]} c5 {[%clk 0:02:47]} 38. Qxc5 {[%clk 0:05:22]} Ng4+ {[%clk
0:02:05]} 39. Kh3 {[%clk 0:05:41]} h5 {[%clk 0:01:45]} 40. Qf8+ {[%clk 0:05:43]}
Kh7 {[%clk 0:02:09]} 41. Qxf7+ {[%clk 0:00:45]} Qg7 {[%clk 0:01:44]} 42. Qxg7+
{[%clk 0:26:19]} Kxg7 {[%clk 0:32:36]} 43. Bxb7 {[%clk 0:26:24]} Nxf2+ {[%clk
0:32:38]} 44. Kg2 {[%clk 0:26:47]} Ng4 {[%clk 0:31:21]} 45. Rd7+ {[%clk 0:24:30]}
Kf6 {[%clk 0:30:52]} 46. Bf3 {[%clk 0:24:37]} Re7 {[%clk 0:30:31]} 47. Bxg4
{[%clk 0:23:31]} hxg4 {[%clk 0:30:52]} 48. Rd4 {[%clk 0:23:19]} Re2+ {[%clk
0:27:58]} 49. Kf1 {[%clk 0:23:09]} Ra2 {[%clk 0:28:20]} 50. Rf4+ {[%clk 0:22:59]}
Kg7 {[%clk 0:27:59]} 51. Rxg4 {[%clk 0:23:16]} Kh6 {[%clk 0:24:08]} 52. Rg5
{[%clk 0:23:10]} a5 {[%clk 0:21:08]} 53. g4 {[%clk 0:19:48]} Rh2 {[%clk 0:19:32]}
54. Rxa5 {[%clk 0:18:59]} Rxh4 {[%clk 0:19:54]} 55. g5+ {[%clk 0:16:33]} Kh5
{[%clk 0:20:17]} 56. Kf2 {[%clk 0:16:47]} Kg4 {[%clk 0:17:12]} 57. Kg2 {[%clk
0:14:30]} Rh8 {[%clk 0:17:22]} 58. Rb5 {[%clk 0:13:32]} Rc8 {[%clk 0:13:30]} 59.
Ra5 {[%clk 0:13:06]} Rc2+ {[%clk 0:13:51]} 60. Kg1 {[%clk 0:11:41]} Kg3 {[%clk
0:12:46]} 61. Ra3+ {[%clk 0:11:53]} Kf4 {[%clk 0:11:42]} 62. Ra5 {[%clk 0:12:11]}
Re2 {[%clk 0:11:35]} 63. Kf1 {[%clk 0:11:47]} Re4 {[%clk 0:11:40]} 64. Kf2 {[%clk
0:11:25]} Kg4 {[%clk 0:11:58]} 65. Rb5 {[%clk 0:11:13]} Rf4+ {[%clk 0:12:10]} 66.
Kg2 {[%clk 0:11:20]} Rf5 {[%clk 0:08:52]} 67. Rxf5 {[%clk 0:11:22]} Kxf5 {[%clk
0:09:19]} 68. Kf3 {[%clk 0:11:42]} Kxg5 {[%clk 0:09:40]} 69. Kg3 {[%clk 0:12:08]}
Kf5 {[%clk 0:10:03]} 70. Kf3 {[%clk 0:12:29]} g5 {[%clk 0:10:12]} 71. Kg3 {[%clk
0:12:50]} g4 {[%clk 0:10:30]} 72. Kg2 {[%clk 0:13:07]} Kf4 {[%clk 0:10:45]} 73.
Kf2 {[%clk 0:13:33]} g3+ {[%clk 0:11:04]} 74. Kg2 {[%clk 0:13:57]} Kg4 {[%clk
0:11:29]} 75. Kg1 {[%clk 0:14:17]} Kf3 {[%clk 0:11:42]} 76. Kf1 {[%clk 0:14:41]}
g2+ {[%clk 0:11:58]} 77. Kg1 {[%clk 0:15:06]} Kg3 {[%clk 0:12:18]} 1/2-1/2

[Event "8th Vellmar Chess Days"]
[Site "chess24.com"]
[Date "2016.07.31"]
[Round "7"]
[White "Rueberg, Jobst"]
[Black "Braun, Ingram"]
[Result "1-0"]
[Board "6"]
[WhiteElo "2123"]
[WhiteTitle "FM"]
[WhiteCountry "GER"]
[WhiteFideId "4677501"]
[WhiteEloChange "6"]
[BlackElo "1987"]
[BlackCountry "GER"]
[BlackFideId "24657816"]
[BlackEloChange "-6"]

1. e4 {[%clk 1:30:56]} c5 {[%clk 1:30:27]} 2. Nf3 {[%clk 1:31:18]} e6 {[%clk
1:30:50]} 3. d4 {[%clk 1:31:16]} cxd4 {[%clk 1:31:12]} 4. Nxd4 {[%clk 1:31:42]}
a6 {[%clk 1:31:39]} 5. Bd3 {[%clk 1:31:44]} Nf6 {[%clk 1:31:43]} 6. O-O {[%clk
1:31:53]} d6 {[%clk 1:31:50]} 7. c4 {[%clk 1:31:52]} g6 {[%clk 1:28:35]} 8. Nc3
{[%clk 1:31:09]} Bg7 {[%clk 1:28:36]} 9. Bg5 {[%clk 1:30:40]} O-O {[%clk
1:24:15]} 10. Qd2 {[%clk 1:29:12]} Nbd7 {[%clk 1:23:10]} 11. Rad1 {[%clk
1:23:35]} Qc7 {[%clk 1:21:16]} 12. Be2 {[%clk 1:19:17]} b6 {[%clk 1:01:56]} 13.
f3 {[%clk 1:14:08]} Ne5 {[%clk 0:54:35]} 14. b3 {[%clk 1:08:20]} Bb7 {[%clk
0:53:08]} 15. Kh1 {[%clk 1:08:02]} Rac8 {[%clk 0:49:24]} 16. Rc1 {[%clk 1:07:26]}
Rfe8 {[%clk 0:46:40]} 17. Rfd1 {[%clk 1:04:27]} Qb8 {[%clk 0:43:36]} 18. Nc2
{[%clk 0:54:46]} Red8 {[%clk 0:41:46]} 19. Qe3 {[%clk 0:49:32]} Ba8 {[%clk
0:38:33]} 20. Na4 {[%clk 0:38:52]} b5 {[%clk 0:33:20]} 21. cxb5 {[%clk 0:38:58]}
axb5 {[%clk 0:33:47]} 22. Nb6 {[%clk 0:38:31]} Rc7 {[%clk 0:22:21]} 23. Nxa8
{[%clk 0:30:19]} Qxa8 {[%clk 0:22:34]} 24. Nb4 {[%clk 0:27:59]} Rxc1 {[%clk
0:21:00]} 25. Qxc1 {[%clk 0:25:52]} Rc8 {[%clk 0:14:03]} 26. Qd2 {[%clk 0:25:26]}
Nc6 {[%clk 0:09:17]} 27. Nxc6 {[%clk 0:15:57]} Qxc6 {[%clk 0:08:24]} 28. Rc1
{[%clk 0:10:49]} Qd7 {[%clk 0:07:58]} 29. Rxc8+ {[%clk 0:10:11]} Qxc8 {[%clk
0:08:25]} 30. Qxd6 {[%clk 0:08:11]} h6 {[%clk 0:07:59]} 31. Be3 {[%clk 0:07:53]}
Qc3 {[%clk 0:05:29]} 32. Qd2 {[%clk 0:06:09]} Qa1+ {[%clk 0:04:48]} 33. Bd1
{[%clk 0:05:19]} Ne8 {[%clk 0:03:09]} 34. g3 {[%clk 0:05:13]} Bc3 {[%clk
0:02:48]} 35. Qc1 {[%clk 0:04:50]} Qxc1 {[%clk 0:02:01]} 36. Bxc1 {[%clk
0:05:16]} b4 {[%clk 0:02:27]} 37. Bxh6 {[%clk 0:05:11]} Nd6 {[%clk 0:02:14]} 38.
Be2 {[%clk 0:04:50]} f5 {[%clk 0:01:32]} 39. Bd3 {[%clk 0:04:21]} Kf7 {[%clk
0:01:43]} 40. exf5 {[%clk 0:03:56]} exf5 {[%clk 0:00:44]} 41. Kg1 {[%clk
0:02:54]} Kf6 {[%clk 0:00:57]} 42. Be3 {[%clk 0:01:20]} Nf7 {[%clk 0:29:59]} 43.
Kf2 {[%clk 0:31:50]} g5 {[%clk 0:25:09]} 44. Ke2 {[%clk 0:30:38]} Ne5 {[%clk
0:24:38]} 45. h3 {[%clk 0:27:34]} Nc6 {[%clk 0:19:30]} 46. Bb6 {[%clk 0:24:53]}
Be5 {[%clk 0:14:53]} 47. g4 {[%clk 0:21:25]} fxg4 {[%clk 0:12:12]} 48. fxg4
{[%clk 0:20:08]} Nd4+ {[%clk 0:06:26]} 49. Ke3 {[%clk 0:19:26]} Ne6 {[%clk
0:06:36]} 50. Ke4 {[%clk 0:17:34]} Bd6 {[%clk 0:04:46]} 51. Bc4 {[%clk 0:16:03]}
Nf4 {[%clk 0:03:11]} 52. Bd8+ {[%clk 0:15:39]} Kg6 {[%clk 0:02:52]} 53. Bf1
{[%clk 0:14:24]} Bc5 {[%clk 0:02:13]} 54. Bc7 {[%clk 0:11:07]} Ne6 {[%clk
0:02:13]} 55. Be5 {[%clk 0:11:01]} Be7 {[%clk 0:02:12]} 56. Bc4 {[%clk 0:10:41]}
Nf8 {[%clk 0:00:42]} 57. Kd5 {[%clk 0:10:02]} Kh6 {[%clk 0:00:35]} 58. Bd6 {[%clk
0:08:52]} Bxd6 {[%clk 0:00:43]} 59. Kxd6 {[%clk 0:09:11]} Ng6 {[%clk 0:01:02]}
60. Kc5 {[%clk 0:09:20]} 1-0